[Event "Oberschwaben-chA"]
[Site "Markdorf"]
[Date "2009.05.21"]
[Round "1"]
[White "Knoedler, Dieter"]
[Black "Kreuzahler, Marc"]
[Result "1-0"]
[WhiteElo "2300"]
[BlackElo "2006"]
[PlyCount "41"]
[EventDate "2009.05.??"]
[EventType "swiss"]
[EventRounds "7"]
[EventCountry "GER"]

1. c4 Nc6 2. Nf3 f5 3. Nc3 Nf6 4. g3 e5 5. d3 Bb4 6. Bg2 d6 7. O-O Bxc3 8. bxc3
h6 9. Rb1 g5 10. Nd2 h5 11. Nf3 g4 12. Nh4 Nh7 13. f4 gxf3 14. Bxf3 Ng5 15. Bg2
f4 16. Kh1 Bh3 17. gxf4 Ne4 18. Qe1 Nxc3 19. Bxh3 Nxb1 20. Qg3 e4 21. Bb2 1-0

[Event "Oberschwaben-chA"]
[Site "Markdorf"]
[Date "2009.05.21"]
[Round "1"]
[White "Baur, Frank"]
[Black "Namyslo, Holger"]
[Result "1-0"]
[WhiteElo "1999"]
[BlackElo "2271"]
[PlyCount "99"]
[EventDate "2009.05.??"]
[EventType "swiss"]
[EventRounds "7"]
[EventCountry "GER"]

1. g3 d5 2. Bg2 Nf6 3. Nf3 c5 4. O-O Nc6 5. c4 d4 6. d3 g6 7. e3 Bg7 8. exd4
cxd4 9. Re1 O-O 10. a3 a5 11. Nbd2 Bf5 12. Qe2 Qc8 13. Rb1 a4 14. b4 axb3 15.
Nxb3 e5 16. Nh4 Bg4 17. Qb2 Nd7 18. h3 Be6 19. Nf3 h6 20. Kh2 Re8 21. Nfd2 f5
22. Bd5 Bxd5 23. cxd5 Ne7 24. Nc4 Qb8 25. Nba5 Nxd5 26. Qb3 Kh7 27. Nxb7 Nc3
28. Rb2 Na4 29. Rb1 Ndc5 30. Nxc5 Nxc5 31. Qc2 Qc7 32. Bd2 e4 33. Nb2 Qa7 34.
Rec1 e3 35. Bb4 Ne6 36. Nc4 Ng5 37. Nd6 Re6 38. Bc5 Qd7 39. Rb7 Qc6 40. Rxg7+
Kh8 41. Rc7 Qd5 42. Nf7+ Nxf7 43. Rxf7 e2 44. Re1 Kg8 45. Re7 Rc6 46. Qxe2 Qxc5
47. Re8+ Rxe8 48. Qxe8+ Kg7 49. Re7+ Kf6 50. Rf7+ 1-0

[Event "Oberschwaben-chA"]
[Site "Markdorf"]
[Date "2009.05.21"]
[Round "1"]
[White "Mack, Wolfgang"]
[Black "Kohn, Thomas"]
[Result "0-1"]
[WhiteElo "2241"]
[BlackElo "1991"]
[PlyCount "70"]
[EventDate "2009.05.??"]
[EventType "swiss"]
[EventRounds "7"]
[EventCountry "GER"]

1. d4 d5 2. c4 dxc4 3. Nf3 Nf6 4. Qa4+ Nbd7 5. e3 e6 6. Nc3 c6 7. Qxc4 Nb6 8.
Qb3 Nbd5 9. Be2 Bd6 10. Bd2 O-O 11. Rc1 Re8 12. O-O b6 13. Rfd1 Bb7 14. Na4 Qe7
15. a3 Ne4 16. Be1 Rac8 17. Qd3 Ndf6 18. Ne5 Red8 19. Qb1 c5 20. f3 cxd4 21.
Rxc8 Rxc8 22. exd4 Qe8 23. b3 b5 24. fxe4 Bxe4 25. Qb2 Rc2 26. Qxc2 Bxc2 27.
Rc1 bxa4 28. Rxc2 axb3 29. Rb2 Qa4 30. Nc4 Bxa3 31. Rb1 b2 32. Kf1 Nd5 33. Bd2
Qc2 34. Nxa3 Qxd2 35. Rd1 Ne3+ 0-1

[Event "Oberschwaben-chA"]
[Site "Markdorf"]
[Date "2009.05.21"]
[Round "1"]
[White "Schwab, Matthias"]
[Black "Schroeder, Johannes"]
[Result "1/2-1/2"]
[WhiteElo "1970"]
[BlackElo "2127"]
[PlyCount "45"]
[EventDate "2009.05.??"]
[EventType "swiss"]
[EventRounds "7"]
[EventCountry "GER"]

1. e4 c5 2. Nf3 Nc6 3. d4 cxd4 4. Nxd4 g6 5. c4 Nf6 6. Nc3 Nxd4 7. Qxd4 d6 8.
Be2 Bg7 9. O-O O-O 10. Bg5 Be6 11. Rac1 Nd5 12. Qd2 Nxc3 13. Rxc3 Bxc3 14. Qxc3
f6 15. Bh6 Qc7 16. Bxf8 Rxf8 17. Rc1 Rc8 18. Qg3 Qd7 19. Rc3 Kg7 20. h3 b6 21.
Bg4 Rc5 22. Bxe6 Qxe6 23. Qd3 1/2-1/2

[Event "Oberschwaben-chA"]
[Site "Markdorf"]
[Date "2009.05.21"]
[Round "1"]
[White "Engelhart, Achim"]
[Black "Zdzuj, Christian"]
[Result "1-0"]
[WhiteElo "2099"]
[BlackElo "1931"]
[PlyCount "103"]
[EventDate "2009.05.??"]
[EventType "swiss"]
[EventRounds "7"]
[EventCountry "GER"]

1. e4 e6 2. d4 d5 3. Nd2 c5 4. exd5 exd5 5. Bb5+ Bd7 6. Qe2+ Be7 7. Bxd7+ Nxd7
8. dxc5 Ngf6 9. Ngf3 O-O 10. O-O Re8 11. Nb3 Nxc5 12. Nxc5 Bxc5 13. Qb5 Ne4 14.
Bf4 Qf6 15. Bg3 Nxg3 16. hxg3 Bb6 17. Rfe1 Qc6 18. Qd3 h6 19. Rxe8+ Rxe8 20.
Rd1 Qc7 21. Kf1 Qc5 22. Rd2 Qb4 23. c3 Qe4 24. Rd1 g5 25. b3 g4 26. Nd4 Re5 27.
Ne2 Rf5 28. Nf4 Rxf4 29. gxf4 Qxf4 30. Qg3 Qf5 31. Re1 Kg7 32. Qe5+ Qxe5 33.
Rxe5 d4 34. cxd4 Bxd4 35. Re4 Bc5 36. Rxg4+ Kf6 37. Ke2 a5 38. Rh4 Kg5 39. Re4
Kf5 40. Rc4 b6 41. Kf3 h5 42. Rh4 Kg5 43. Re4 f6 44. Re8 Kg6 45. Ke2 Bd4 46. f3
Bc5 47. Kd3 h4 48. Ke4 f5+ 49. Ke5 Be3 50. Rg8+ Kh7 51. Rf8 f4 52. Rxf4 1-0

[Event "Oberschwaben-chA"]
[Site "Markdorf"]
[Date "2009.05.21"]
[Round "1"]
[White "Eltrich, Martin"]
[Black "Laengl, Juergen"]
[Result "0-1"]
[WhiteElo "1894"]
[BlackElo "2098"]
[PlyCount "104"]
[EventDate "2009.05.??"]
[EventType "swiss"]
[EventRounds "7"]
[EventCountry "GER"]

1. c4 e6 2. Nc3 d5 3. d4 Nf6 4. Bg5 c6 5. e3 Bb4 6. a3 Bxc3+ 7. bxc3 Qa5 8. Qc2
Ne4 9. Bf4 Qxc3+ 10. Qxc3 Nxc3 11. Rc1 Ne4 12. f3 Nf6 13. Bd6 Nbd7 14. c5 Kd8
15. Nh3 h6 16. Bd3 Re8 17. O-O e5 18. Nf2 exd4 19. exd4 Nf8 20. Rce1 Ne6 21.
Ng4 Nxd4 22. Nxf6 gxf6 23. f4 f5 24. Be5 Ne6 25. Bf6+ Kd7 26. Bxf5 b6 27. Bd4
Ba6 28. Rf3 Kc7 29. Bxe6 Rxe6 30. Rxe6 fxe6 31. Rh3 bxc5 32. Bxc5 Rh8 33. Bxa7
Kd6 34. Bd4 Rh7 35. Be5+ Kc5 36. Kf2 d4 37. Ke1 Kd5 38. Kd2 c5 39. Rb3 Ra7 40.
g4 Bc4 41. Rh3 Bb5 42. Bb8 Rg7 43. Rh5+ Kc6 44. g5 hxg5 45. Rxg5 Rb7 46. Be5
Bc4 47. h4 Rb2+ 48. Kc1 Ra2 49. Rg3 d3 50. h5 Rc2+ 51. Kd1 Rh2 52. Rg5 Bb3+ 0-1

[Event "Oberschwaben-chA"]
[Site "Markdorf"]
[Date "2009.05.21"]
[Round "1"]
[White "Jurisic, Zlatko"]
[Black "Jacob, Matthaeus"]
[Result "1-0"]
[WhiteElo "2047"]
[BlackElo "1880"]
[PlyCount "89"]
[EventDate "2009.05.??"]
[EventType "swiss"]
[EventRounds "7"]
[EventCountry "GER"]

1. d4 Nf6 2. Nf3 g6 3. g3 Bg7 4. Bg2 O-O 5. O-O d6 6. c4 Nbd7 7. Nc3 c6 8. e4
Qc7 9. h3 e5 10. Be3 h6 11. Qd2 Kh7 12. Rad1 Ng8 13. Nh2 f5 14. f4 Ndf6 15.
exf5 Bxf5 16. d5 cxd5 17. cxd5 exf4 18. Bxf4 Rae8 19. g4 Ne4 20. Nxe4 Bxe4 21.
Be3 Bxg2 22. Kxg2 Nf6 23. Rc1 Qe7 24. Bxa7 Qe4+ 25. Nf3 Nxd5 26. Rce1 Nf4+ 27.
Kh2 Qc6 28. Rxe8 Qxe8 29. g5 Qe6 30. h4 Qh3+ 31. Kg1 Qg3+ 32. Kh1 Re8 33. Qh2
Nh5 34. Bd4 Qxh2+ 35. Kxh2 Re2+ 36. Kh3 Bxd4 37. Nxd4 Rxb2 38. Rf7+ Kg8 39. Rd7
d5 40. gxh6 Rd2 41. Ne6 Rd3+ 42. Kh2 Re3 43. Ng5 Re2+ 44. Kg1 Re8 45. h7+ 1-0

[Event "Oberschwaben-chA"]
[Site "Markdorf"]
[Date "2009.05.21"]
[Round "1"]
[White "Hoffart, Alexander"]
[Black "Hoersch, Heiner"]
[Result "0-1"]
[WhiteElo "1873"]
[BlackElo "2034"]
[PlyCount "56"]
[EventDate "2009.05.??"]
[EventType "swiss"]
[EventRounds "7"]
[EventCountry "GER"]

1. d4 Nf6 2. Nf3 d6 3. Bg5 g6 4. e3 Bg7 5. Bd3 Nbd7 6. O-O c5 7. Nbd2 O-O 8.
Re1 Re8 9. c3 e5 10. dxe5 dxe5 11. e4 Qc7 12. Qc2 Nf8 13. Rad1 Ne6 14. Be3 Ng4
15. Nf1 c4 16. Be2 b5 17. N3d2 Nf4 18. a4 a6 19. b3 cxb3 20. Nxb3 bxa4 21. Nc1
Be6 22. Qxa4 Qxc3 23. h3 Nxe3 24. Nxe3 Red8 25. Bf1 a5 26. Na2 Qc5 27. Rc1 Qd4
28. Nc3 Rdc8 0-1

[Event "Oberschwaben-chA"]
[Site "Markdorf"]
[Date "2009.05.21"]
[Round "1"]
[White "Ahlfaenger, Andreas"]
[Black "Rothmund, Joachim"]
[Result "1/2-1/2"]
[WhiteElo "2022"]
[BlackElo "1866"]
[PlyCount "31"]
[EventDate "2009.05.??"]
[EventType "swiss"]
[EventRounds "7"]
[EventCountry "GER"]

1. c4 f5 2. g3 Nf6 3. Bg2 g6 4. Nc3 Nc6 5. d3 Bg7 6. e4 d6 7. Nge2 O-O 8. O-O
h6 9. Rb1 e5 10. b4 Ne7 11. f4 Rb8 12. Kh1 Be6 13. b5 fxe4 14. Nxe4 Nxe4 15.
Bxe4 Bh3 16. Re1 1/2-1/2

[Event "Oberschwaben-chA"]
[Site "Markdorf"]
[Date "2009.05.21"]
[Round "1"]
[White "Bacquele, Fabrice"]
[Black "Reimche, Vadim"]
[Result "1/2-1/2"]
[WhiteElo "1830"]
[BlackElo "2021"]
[PlyCount "128"]
[EventDate "2009.05.??"]
[EventType "swiss"]
[EventRounds "7"]
[EventCountry "GER"]

1. e4 c5 2. Nf3 Nc6 3. d4 cxd4 4. Nxd4 Nf6 5. Nc3 e5 6. Ndb5 d6 7. Bg5 a6 8.
Na3 b5 9. Nd5 Be7 10. Bxf6 Bxf6 11. c3 O-O 12. Nc2 Rb8 13. a4 bxa4 14. Ncb4
Nxb4 15. Nxb4 Bb7 16. Qxa4 a5 17. Nc2 d5 18. Qxa5 dxe4 19. Qxd8 Rfxd8 20. Bc4
Kf8 21. b3 Bg5 22. Ne3 Bxe3 23. fxe3 Bd5 24. Ra4 Bxc4 25. Rxc4 Rxb3 26. O-O f6
27. Ra1 h5 28. Rc7 f5 29. Raa7 Rb1+ 30. Kf2 Rb2+ 31. Kg3 f4+ 32. Kh3 g5 33.
Rf7+ Kg8 34. Rg7+ Kh8 35. Rxg5 fxe3 36. Rxh5+ Kg8 37. Rg5+ Kf8 38. Rf5+ Kg8 39.
Rxe5 Rc2 40. Rxe4 Rxc3 41. Rae7 Rdd3 42. g3 Rd2 43. Rxe3 Rcc2 44. Kg4 Rxh2 45.
Re8+ Kf7 46. R3e7+ Kf6 47. Re6+ Kf7 48. R8e7+ Kf8 49. Kg5 Rhf2 50. Re8+ Kg7 51.
R8e7+ Rf7 52. Rxf7+ Kxf7 53. Rf6+ Kg7 54. Rb6 Rc5+ 55. Kh4 Ra5 56. g4 Rc5 57.
Rb4 Kg6 58. Rb6+ Kg7 59. Rb7+ Kg6 60. Rb8 Ra5 61. Rg8+ Kh7 62. Rg5 Rxg5 63.
Kxg5 Kg7 64. Kf5 Kf7 1/2-1/2

[Event "Oberschwaben-chA"]
[Site "Markdorf"]
[Date "2009.05.21"]
[Round "2"]
[White "Hoersch, Heiner"]
[Black "Knoedler, Dieter"]
[Result "0-1"]
[WhiteElo "2034"]
[BlackElo "2300"]
[PlyCount "68"]
[EventDate "2009.05.??"]
[EventType "swiss"]
[EventRounds "7"]
[EventCountry "GER"]

1. d4 e6 2. c4 Nf6 3. Nf3 Bb4+ 4. Nbd2 b6 5. a3 Bxd2+ 6. Bxd2 Bb7 7. e3 d6 8.
Be2 Nbd7 9. Bc3 O-O 10. O-O Ne4 11. Rc1 f5 12. b4 a5 13. Bb2 Qe7 14. Qd3 Ndf6
15. Ne1 axb4 16. axb4 Ra2 17. Rc2 Rfa8 18. f3 Ng5 19. Qb3 Nf7 20. c5 Bd5 21.
Bc4 Bxc4 22. Rxc4 Nd5 23. e4 Rxb2 24. Qxb2 Ne3 25. Rc3 Nxf1 26. Kxf1 fxe4 27.
fxe4 bxc5 28. bxc5 Qh4 29. Qb7 Rf8 30. Nf3 Ng5 31. cxd6 Nxe4 32. Rc2 cxd6 33.
Kg1 Qf4 34. Re2 Ng5 0-1

[Event "Oberschwaben-chA"]
[Site "Markdorf"]
[Date "2009.05.21"]
[Round "2"]
[White "Kohn, Thomas"]
[Black "Engelhart, Achim"]
[Result "1/2-1/2"]
[WhiteElo "1991"]
[BlackElo "2099"]
[PlyCount "38"]
[EventDate "2009.05.??"]
[EventType "swiss"]
[EventRounds "7"]
[EventCountry "GER"]

1. d4 d5 2. Nf3 c5 3. dxc5 Nf6 4. a3 e6 5. b4 a5 6. Bb2 axb4 7. axb4 Rxa1 8.
Bxa1 b6 9. c4 bxc5 10. cxd5 cxb4 11. Be5 Nbd7 12. dxe6 Nxe5 13. Qxd8+ Kxd8 14.
Nxe5 Bxe6 15. e3 Bd6 16. Nc6+ Kc7 17. Nd4 Ra8 18. Nxe6+ fxe6 19. Bc4 e5 1/2-1/2

[Event "Oberschwaben-chA"]
[Site "Markdorf"]
[Date "2009.05.21"]
[Round "2"]
[White "Laengl, Juergen"]
[Black "Jurisic, Zlatko"]
[Result "1-0"]
[WhiteElo "2098"]
[BlackElo "2047"]
[PlyCount "63"]
[EventDate "2009.05.??"]
[EventType "swiss"]
[EventRounds "7"]
[EventCountry "GER"]

1. d4 Nf6 2. Nc3 d5 3. Bg5 Nbd7 4. Nf3 g6 5. Qd3 Bg7 6. e4 dxe4 7. Nxe4 Nxe4 8.
Qxe4 Nf6 9. Qe3 c6 10. Bc4 O-O 11. O-O Bg4 12. Ne5 Bf5 13. c3 Nd5 14. Bxd5 cxd5
15. Bh6 Qd6 16. Bxg7 Kxg7 17. g4 Bc8 18. f3 b6 19. Rf2 Ba6 20. f4 f6 21. Nf3
Bc8 22. Rg2 h6 23. Re1 e6 24. h4 Bd7 25. h5 Rg8 26. hxg6 Kxg6 27. g5 hxg5 28.
fxg5 Kf7 29. Rf1 Raf8 30. Ne5+ Ke7 31. gxf6+ Kd8 32. Nf7+ 1-0

[Event "Oberschwaben-chA"]
[Site "Markdorf"]
[Date "2009.05.21"]
[Round "2"]
[White "Schroeder, Johannes"]
[Black "Baur, Frank"]
[Result "1/2-1/2"]
[WhiteElo "2127"]
[BlackElo "1999"]
[PlyCount "53"]
[EventDate "2009.05.??"]
[EventType "swiss"]
[EventRounds "7"]
[EventCountry "GER"]

1. Nf3 g6 2. g3 Bg7 3. Bg2 d5 4. c4 c6 5. cxd5 cxd5 6. d4 Nc6 7. O-O Bg4 8. Nc3
Bxf3 9. Bxf3 e6 10. e3 Nge7 11. Bd2 O-O 12. Qe2 Qd7 13. Bg2 Nf5 14. Rac1 Rac8
15. b3 Rfd8 16. Rfd1 Bf8 17. Nb1 a6 18. Be1 b5 19. Qb2 b4 20. Bf1 Qb7 21. Qe2
Nb8 22. Qd2 a5 23. Rxc8 Rxc8 24. Rc1 Rc6 25. Bd3 Bd6 26. Rxc6 Qxc6 27. Qc2
1/2-1/2

[Event "Oberschwaben-chA"]
[Site "Markdorf"]
[Date "2009.05.21"]
[Round "2"]
[White "Reimche, Vadim"]
[Black "Ahlfaenger, Andreas"]
[Result "1-0"]
[WhiteElo "2021"]
[BlackElo "2022"]
[PlyCount "57"]
[EventDate "2009.05.??"]
[EventType "swiss"]
[EventRounds "7"]
[EventCountry "GER"]

1. d4 f5 2. g3 Nf6 3. Bg2 g6 4. Nh3 Nc6 5. d5 Ne5 6. O-O Bg7 7. Nd2 c6 8. c4
O-O 9. b3 Neg4 10. Bb2 e5 11. dxe6 dxe6 12. Qc2 e5 13. Rad1 Qc7 14. c5 f4 15.
Nc4 Bf5 16. Qc1 fxg3 17. hxg3 Nh5 18. e4 Be6 19. Ng5 Qe7 20. Nxe6 Qxe6 21. Bh3
Nhf6 22. Nxe5 h5 23. f3 Nxe4 24. Nxg4 hxg4 25. Bxg4 Qe7 26. Qc4+ Kh7 27. Bxg7
Kxg7 28. Qxe4 Qxc5+ 29. Qd4+ 1-0

[Event "Oberschwaben-chA"]
[Site "Markdorf"]
[Date "2009.05.21"]
[Round "2"]
[White "Rothmund, Joachim"]
[Black "Schwab, Matthias"]
[Result "0-1"]
[WhiteElo "1866"]
[BlackElo "1970"]
[PlyCount "52"]
[EventDate "2009.05.??"]
[EventType "swiss"]
[EventRounds "7"]
[EventCountry "GER"]

1. e4 c5 2. Nc3 g6 3. f4 Bg7 4. Nf3 d6 5. Bc4 e6 6. O-O Ne7 7. Qe1 O-O 8. Bb3
Nbc6 9. d3 a6 10. f5 exf5 11. Qh4 d5 12. exd5 Nd4 13. Bg5 f6 14. Nxd4 fxg5 15.
d6+ Kh8 16. dxe7 Bxd4+ 17. Kh1 gxh4 18. exd8=Q Rxd8 19. Nd5 Bd7 20. c3 Bc6 21.
Nb6 h3 22. cxd4 hxg2+ 23. Kg1 gxf1=Q+ 24. Kxf1 cxd4 25. Nxa8 Rxa8 26. Rc1 Re8
0-1

[Event "Oberschwaben-chA"]
[Site "Markdorf"]
[Date "2009.05.21"]
[Round "2"]
[White "Namyslo, Holger"]
[Black "Bacquele, Fabrice"]
[Result "1-0"]
[WhiteElo "2271"]
[BlackElo "1830"]
[PlyCount "93"]
[EventDate "2009.05.??"]
[EventType "swiss"]
[EventRounds "7"]
[EventCountry "GER"]

1. e4 e6 2. d4 d5 3. Nc3 Nf6 4. Bg5 Bb4 5. e5 h6 6. Bd2 Bxc3 7. bxc3 Ne4 8. Qg4
Kf8 9. Bc1 c5 10. Bd3 Qa5 11. Ne2 cxd4 12. O-O Nxc3 13. Nxd4 Nc6 14. Bd2 Nxe5
15. Qg3 f6 16. Rfe1 Qb4 17. Qe3 Nxd3 18. Qxd3 e5 19. Bxc3 Qb5 20. Nb3 Qc6 21.
Bb4+ Kf7 22. Rad1 Rd8 23. Qc3 Qxc3 24. Bxc3 Be6 25. f4 Rac8 26. Ba1 Rxc2 27.
fxe5 Rxa2 28. exf6 gxf6 29. Rf1 d4 30. Rxd4 Rxd4 31. Nxd4 Bd5 32. Nf3 Bxf3 33.
gxf3 b5 34. Bd4 b4 35. Ra1 Rxa1+ 36. Bxa1 Ke6 37. Kf2 a5 38. Ke3 f5 39. Kd4 Kd6
40. Kc4 Kc6 41. h4 h5 42. Bd4 Kd6 43. Bb6 a4 44. Kxb4 Ke5 45. Be3 Kd5 46. Kxa4
Kc4 47. Bg5 1-0

[Event "Oberschwaben-chA"]
[Site "Markdorf"]
[Date "2009.05.21"]
[Round "2"]
[White "Jacob, Matthaeus"]
[Black "Mack, Wolfgang"]
[Result "0-1"]
[WhiteElo "1880"]
[BlackElo "2241"]
[PlyCount "106"]
[EventDate "2009.05.??"]
[EventType "swiss"]
[EventRounds "7"]
[EventCountry "GER"]

1. e4 g6 2. d4 Bg7 3. Nf3 d6 4. Be3 c5 5. Nc3 cxd4 6. Nxd4 Nf6 7. f3 Nc6 8. Bc4
a6 9. Nxc6 bxc6 10. Qd2 Be6 11. Bb3 Qa5 12. O-O Rb8 13. Rad1 O-O 14. Nd5 Qd8
15. Nxf6+ Bxf6 16. Bd4 Bxd4+ 17. Qxd4 c5 18. Qc3 c4 19. Bxc4 Qb6+ 20. Kh1 Rfc8
21. b3 Bxc4 22. bxc4 Qb4 23. Qd3 Qxc4 24. h3 Rb2 25. a3 Qxc2 26. Rg1 Qxd3 27.
Rxd3 Ra2 28. Kh2 Rcc2 29. h4 Kg7 30. Kh3 h5 31. Re3 Kf6 32. Rd3 Ke6 33. Rb3 a5
34. Rd3 a4 35. Re3 Rcb2 36. Kg3 Rb3 37. Rxb3 axb3 38. Rb1 Rxa3 39. Kf4 d5 40.
g4 hxg4 41. fxg4 Ra4 42. Rxb3 Rxe4+ 43. Kf3 f5 44. Rb6+ Kf7 45. gxf5 gxf5 46.
h5 Rh4 47. h6 e6 48. Rb7+ Kg6 49. Re7 Kf6 50. Rh7 e5 51. Rh8 Kg6 52. Rd8 d4 53.
Rd6+ Kg5 0-1

[Event "Oberschwaben-chA"]
[Site "Markdorf"]
[Date "2009.05.21"]
[Round "2"]
[White "Kreuzahler, Marc"]
[Black "Eltrich, Martin"]
[Result "1-0"]
[WhiteElo "2006"]
[BlackElo "1894"]
[PlyCount "81"]
[EventDate "2009.05.??"]
[EventType "swiss"]
[EventRounds "7"]
[EventCountry "GER"]

1. Nc3 d5 2. e4 c6 3. f4 dxe4 4. Nxe4 Nf6 5. Nf2 c5 6. Nf3 Nc6 7. g3 e6 8. Bg2
Be7 9. O-O O-O 10. d3 Qc7 11. Bd2 Rd8 12. Qe2 b6 13. Bc3 Bb7 14. Ne5 Nd4 15.
Bxd4 Bxg2 16. Kxg2 cxd4 17. Rac1 Nd5 18. Nd1 Rac8 19. c4 Nf6 20. Nf2 Qb7+ 21.
Qf3 Qxf3+ 22. Kxf3 Bd6 23. Neg4 Nd7 24. Ne4 Bb8 25. Ngf2 e5 26. f5 Rc6 27. g4
Rdc8 28. g5 b5 29. b3 bxc4 30. dxc4 f6 31. gxf6 gxf6 32. Rg1+ Kh8 33. Ng4 h5
34. Ngf2 Rg8 35. Rxg8+ Kxg8 36. Rg1+ Kf7 37. Nd3 Rc8 38. Nb4 Rg8 39. Rxg8 Kxg8
40. Na6 Kf7 41. c5 1-0

[Event "Oberschwaben-chA"]
[Site "Markdorf"]
[Date "2009.05.21"]
[Round "2"]
[White "Zdzuj, Christian"]
[Black "Hoffart, Alexander"]
[Result "1-0"]
[WhiteElo "1931"]
[BlackElo "1873"]
[PlyCount "101"]
[EventDate "2009.05.??"]
[EventType "swiss"]
[EventRounds "7"]
[EventCountry "GER"]

1. d4 d5 2. Nf3 Nf6 3. c4 c6 4. Nc3 Bf5 5. g3 e6 6. Bg2 Nbd7 7. O-O Bb4 8. Ne5
O-O 9. Qb3 Bxc3 10. bxc3 Nxe5 11. dxe5 Nd7 12. Ba3 Re8 13. Bd6 Qb6 14. Qa3 a5
15. e4 dxe4 16. Rfe1 c5 17. Bxe4 Bxe4 18. Rxe4 Qc6 19. Rae1 f5 20. Rh4 b6 21.
Qc1 Nf8 22. Qg5 Qd7 23. g4 Qf7 24. Rb1 Ra6 25. Rh3 Qg6 26. Qxg6 hxg6 27. g5 Nd7
28. Rd3 Ra7 29. a4 Kf7 30. Rh3 Rc8 31. Rb5 Raa8 32. f4 Rc6 33. Kg2 Ra6 34. Kf2
Ra7 35. Rh8 Rb7 36. Rd8 Rxd6 37. exd6 e5 38. fxe5 Nxe5 39. Rc8 Ke6 40. Rc7 Rb8
41. Rxg7 Kxd6 42. Rb1 Nxc4 43. Rxg6+ Ke5 44. h4 Rd8 45. Re1+ Kf4 46. h5 Ne5 47.
Rxe5 Kxe5 48. h6 Kf4 49. h7 Rd2+ 50. Ke1 Rh2 51. Rh6 1-0

[Event "Oberschwaben-chA"]
[Site "Markdorf"]
[Date "2009.05.22"]
[Round "3"]
[White "Knoedler, Dieter"]
[Black "Laengl, Juergen"]
[Result "1-0"]
[WhiteElo "2300"]
[BlackElo "2098"]
[PlyCount "67"]
[EventDate "2009.05.??"]
[EventType "swiss"]
[EventRounds "7"]
[EventCountry "GER"]

1. Nf3 d5 2. c4 c6 3. g3 dxc4 4. Bg2 Nf6 5. Qc2 Qd5 6. Nc3 Qh5 7. Ne4 Nxe4 8.
Qxe4 Be6 9. Qf4 Qd5 10. O-O Qd6 11. Qh4 f6 12. b3 g5 13. Qe4 Bd5 14. Qe3 g4 15.
Nh4 Bxg2 16. Kxg2 Qd5+ 17. Kg1 Nd7 18. bxc4 Qxc4 19. Ba3 Qd5 20. Rab1 b6 21.
Rb3 c5 22. Qf4 Ne5 23. Nf5 h5 24. d4 Nc4 25. dxc5 Nxa3 26. Rxa3 Qxc5 27. Rd3
Rc8 28. Rfd1 b5 29. Qe4 Qe5 30. Qxe5 fxe5 31. Rd5 Rc2 32. Rxe5 Rxa2 33. Nd6+
Kd7 34. Nf7+ 1-0

[Event "Oberschwaben-chA"]
[Site "Markdorf"]
[Date "2009.05.22"]
[Round "3"]
[White "Engelhart, Achim"]
[Black "Reimche, Vadim"]
[Result "0-1"]
[WhiteElo "2099"]
[BlackElo "2021"]
[PlyCount "94"]
[EventDate "2009.05.??"]
[EventType "swiss"]
[EventRounds "7"]
[EventCountry "GER"]

1. e4 c5 2. Nf3 Nf6 3. e5 Nd5 4. g3 Nc6 5. Bg2 g6 6. Nc3 Nc7 7. O-O Bg7 8. Re1
O-O 9. d3 b6 10. Bd2 Bb7 11. Qc1 Re8 12. Bh6 Bh8 13. Qf4 Ne6 14. Qh4 Rb8 15.
Rac1 Ned4 16. Nxd4 Nxd4 17. Bxb7 Rxb7 18. Qe4 Qa8 19. Be3 Bxe5 20. Bxd4 Bxd4
21. Nd5 e6 22. c3 Bg7 23. f4 Rd8 24. Ne3 d5 25. Qf3 b5 26. Ng4 b4 27. Qf2 bxc3
28. bxc3 Qc8 29. Ne5 Bxe5 30. fxe5 Qc7 31. d4 Rdb8 32. Rc2 a5 33. c4 cxd4 34.
cxd5 Qb6 35. d6 f6 36. Qxf6 Rf7 37. Qxf7+ Kxf7 38. Rc7+ Kg8 39. Rf1 d3+ 40. Kg2
Qb2+ 41. Kh3 Qxe5 42. Rff7 Qh5+ 43. Kg2 Rb2+ 44. Rf2 Qd5+ 45. Kg1 Rb1+ 46. Rf1
Rxf1+ 47. Kxf1 d2 0-1

[Event "Oberschwaben-chA"]
[Site "Markdorf"]
[Date "2009.05.22"]
[Round "3"]
[White "Baur, Frank"]
[Black "Kohn, Thomas"]
[Result "1-0"]
[WhiteElo "1999"]
[BlackElo "1991"]
[PlyCount "41"]
[EventDate "2009.05.??"]
[EventType "swiss"]
[EventRounds "7"]
[EventCountry "GER"]

1. g3 d5 2. Bg2 Nf6 3. Nf3 e6 4. O-O Bd6 5. d3 O-O 6. Nbd2 c6 7. e4 Qc7 8. Re1
Nbd7 9. b3 e5 10. exd5 Nxd5 11. Bb2 b5 12. d4 Re8 13. c4 bxc4 14. bxc4 N5f6 15.
dxe5 Nxe5 16. c5 Nxf3+ 17. Qxf3 Be5 18. Qe2 Bd6 19. cxd6 Rxe2 20. dxc7 Rxd2 21.
Bxf6 1-0

[Event "Oberschwaben-chA"]
[Site "Markdorf"]
[Date "2009.05.22"]
[Round "3"]
[White "Schwab, Matthias"]
[Black "Hoersch, Heiner"]
[Result "1/2-1/2"]
[WhiteElo "1970"]
[BlackElo "2034"]
[PlyCount "40"]
[EventDate "2009.05.??"]
[EventType "swiss"]
[EventRounds "7"]
[EventCountry "GER"]

1. e4 c5 2. Nf3 d6 3. d4 cxd4 4. Nxd4 Nf6 5. Nc3 a6 6. Bg5 Nc6 7. Qd2 e6 8.
O-O-O Bd7 9. f4 Be7 10. Be2 Rc8 11. Bf3 Qc7 12. Rhe1 Nxd4 13. Qxd4 Bc6 14. Rd2
O-O 15. e5 dxe5 16. fxe5 Rfd8 17. Qh4 Nd5 18. Nxd5 Bxg5 19. Qxg5 Bxd5 20. Red1
h6 1/2-1/2

[Event "Oberschwaben-chA"]
[Site "Markdorf"]
[Date "2009.05.22"]
[Round "3"]
[White "Jurisic, Zlatko"]
[Black "Namyslo, Holger"]
[Result "0-1"]
[WhiteElo "2047"]
[BlackElo "2271"]
[PlyCount "124"]
[EventDate "2009.05.??"]
[EventType "swiss"]
[EventRounds "7"]
[EventCountry "GER"]

1. d4 d5 2. Nf3 Nf6 3. g3 e6 4. Bg2 Be7 5. O-O O-O 6. c4 dxc4 7. Qc2 a6 8. a4
Bd7 9. Qxc4 Bc6 10. Bf4 a5 11. Nc3 Na6 12. Rad1 Nb4 13. Ne5 Bxg2 14. Kxg2 Nbd5
15. Bg5 c6 16. Bxf6 Bxf6 17. Nf3 Qb6 18. Rd2 Rfd8 19. Rfd1 Be7 20. e3 h6 21.
Ne1 Bg5 22. Kf3 Rdc8 23. Ne4 Qd8 24. Nd3 Be7 25. Qb3 Bb4 26. Nxb4 axb4 27. Qc2
Qa5 28. b3 f5 29. Nc5 Nc3 30. Kg2 b6 31. Nd3 Qd5+ 32. Kg1 Nxd1 33. Qxd1 Qd6 34.
Qc2 b5 35. Nc5 bxa4 36. bxa4 Qd5 37. Qb1 Rcb8 38. Rb2 b3 39. f4 Kf7 40. Qe1 Ra7
41. Qc3 g5 42. a5 Rb5 43. a6 Kg6 44. fxg5 hxg5 45. h3 Rb8 46. Rf2 Rh8 47. h4
gxh4 48. gxh4 Rxh4 49. Rg2+ Kh7 50. Qe1 Rh6 51. Qg3 Qxg2+ 52. Kxg2 Rg6 53. Nxb3
Rxa6 54. Nc5 Ra3 55. Qxg6+ Kxg6 56. Kf3 Kf6 57. Kf4 Ra1 58. Nd7+ Ke7 59. Nc5
Kd6 60. Nb7+ Kd5 61. Nd8 Ra7 62. Kg5 Rd7 0-1

[Event "Oberschwaben-chA"]
[Site "Markdorf"]
[Date "2009.05.22"]
[Round "3"]
[White "Mack, Wolfgang"]
[Black "Kreuzahler, Marc"]
[Result "1-0"]
[WhiteElo "2241"]
[BlackElo "2006"]
[PlyCount "95"]
[EventDate "2009.05.??"]
[EventType "swiss"]
[EventRounds "7"]
[EventCountry "GER"]

1. d4 Nc6 2. Nf3 d5 3. e3 Bg4 4. Be2 e6 5. Nbd2 Nf6 6. O-O Ne7 7. c4 c6 8. b4
Ng6 9. Qb3 Bd6 10. Re1 O-O 11. a4 Ne4 12. h3 Nxd2 13. Bxd2 Bxf3 14. Bxf3 f5 15.
cxd5 cxd5 16. g3 Rc8 17. Rac1 Qd7 18. b5 Rxc1 19. Rxc1 Rc8 20. Rxc8+ Qxc8 21.
Bxd5 Kf7 22. Bg2 Ne7 23. Qc3 Qxc3 24. Bxc3 Nd5 25. Bd2 b6 26. Kf1 h6 27. Ke2 g5
28. Kd3 Nf6 29. e4 Ba3 30. e5 Nd7 31. Kc3 Be7 32. Kc4 Ba3 33. Bc6 Nf8 34. a5
Ng6 35. a6 Be7 36. Bf3 Kg7 37. Bh5 Nh8 38. f3 Ng6 39. Bxg6 Kxg6 40. Bb4 Bxb4
41. Kxb4 g4 42. fxg4 fxg4 43. hxg4 Kf7 44. Kc4 Ke7 45. d5 exd5+ 46. Kxd5 Kd7
47. e6+ Ke7 48. Ke5 1-0

[Event "Oberschwaben-chA"]
[Site "Markdorf"]
[Date "2009.05.22"]
[Round "3"]
[White "Zdzuj, Christian"]
[Black "Schroeder, Johannes"]
[Result "1/2-1/2"]
[WhiteElo "1931"]
[BlackElo "2127"]
[PlyCount "89"]
[EventDate "2009.05.??"]
[EventType "swiss"]
[EventRounds "7"]
[EventCountry "GER"]

1. d4 Nf6 2. c4 c5 3. d5 b5 4. cxb5 a6 5. b6 Qxb6 6. Nc3 d6 7. Nf3 g6 8. g3 Bg7
9. Bg2 O-O 10. O-O a5 11. Re1 Ba6 12. Rb1 Nbd7 13. Qc2 Rab8 14. h3 Qc7 15. Be3
Nb6 16. Red1 Nc4 17. Bc1 Rb7 18. b3 Nb6 19. Bb2 Rfb8 20. Ba1 Nbd7 21. Nd2 Ne8
22. e3 Nb6 23. Bf1 Bxf1 24. Rxf1 c4 25. bxc4 Nxc4 26. Rxb7 Rxb7 27. Qa4 Nxd2
28. Qxe8+ Bf8 29. Rd1 Nf3+ 30. Kg2 Ne5 31. Qa4 Rb4 32. Qc2 Bg7 33. Qd2 Nc4 34.
Qc1 Nb6 35. Qd2 Rc4 36. Rc1 Na4 37. Nb5 Qc5 38. Rxc4 Qxc4 39. Bxg7 Kxg7 40.
Qd4+ Qxd4 41. exd4 Kf6 42. Kf3 Kg5 43. Ke3 h5 44. f4+ Kf6 45. g4 1/2-1/2